[Event "BCF-chT3N 1718 (4NCL)"]
[Site "England"]
[Date "2018.03.18"]
[Round "8.81"]
[White "Ukken, Somton"]
[Black "Lancaric, Tomas"]
[Result "1/2-1/2"]
[WhiteElo "1884"]
[BlackElo "1842"]
[PlyCount "61"]
[EventDate "2017.11.11"]
[EventType "team-swiss"]
[EventRounds "11"]
[EventCountry "ENG"]
[SourceTitle "EXT 2020"]
[Source "ChessBase"]
[SourceDate "2019.10.17"]
[SourceVersion "1"]
[SourceVersionDate "2019.10.17"]
[SourceQuality "1"]
[WhiteTeam "Ashfield Breadsall II"]
[BlackTeam "Castleford Roses"]
[WhiteTeamCountry "ENG"]
[BlackTeamCountry "ENG"]

1. b3 d5 2. Bb2 Nf6 3. c4 c6 4. Nf3 Bf5 5. g3 e6 6. Bg2 Nbd7 7. 0-0 Bd6 8. d3 Qc7 9. Nbd2 0-0 10. Re1 e5 11. Rc1 d4 12. Nh4 Bg6 13. a3 Rae8 14. b4 b6 15. Nb3 c5 16. b5 e4 17. Nxg6 fxg6 18. e3 exd3 19. exd4 Rxe1+ 20. Qxe1 Re8 21. Qc3 cxd4 22. Qxd3 Nc5 23. Qd1 Nxb3 24. Qxb3 Bc5 25. Qd3 Qe5 26. Rd1 Rd8 27. a4 Qf5 28. h3 h5 29. Kf1 Kf8 30. Qxf5 gxf5 31. Rd3 1/2-1/2